000 01406nab a22002417a 4500
999 _c5551
_d5551
003 OSt
005 20251215165034.0
008 190429b xxu||||| |||| 00| 0 spa d
040 _cPJ
100 _96529
_aHadad, Lisandro A.
245 1 0 _aLa justicia penal vulnera institutos fundantes del derecho comercial :
_bacerca de la persona jurídica y su concurso preventivo /
_cLisandro A. Hadad.
260 _cCiudad Autónoma de Buenos Aires :
_aThomson Reuters La Ley,
_b2025.
300 _ap. 195-203
500 _aCita: AR/DOC/1901/2023.
505 _aSumario: I. Introducción.— II. Problemática actual en materia concursal de las personas jurídicas. El ataque desde el derecho penal.— III. El caso Vicentín S.A.I.C.— IV. Probables consecuencias sobre la persona jurídica.— V. El antecedente de la causa "Oil Combustibles S.A.".— VI. Responsabilidad de la persona jurídica en materia penal.— VII. Posibles conclusiones a la problemática planteada.
505 _tSi te interesa el texto completo, solicitalo a koha@justierradelfuego.gov.ar
650 0 _9217
_aPODER JUDICIAL
650 0 _91602
_aDERECHO COMERCIAL
650 0 _91753
_aCONCURSO PREVENTIVO
650 0 _92625
_aPERSONAS JURÍDICAS
773 0 _02658
_93164
_tRevista de derecho penal y criminología. Nº 3 - Abril 2024
_dCiudad Autónoma de Buenos Aires : Thomson Reuters La Ley, 2017-
_x00347914
942 _2udc
_cANA